000 01224cam a2200229 4500
001 ABS64377
008 010814n2001 000 0 eng u
035 _a(Sirsi) u114097
100 _aSmith, K.
245 _aGive PPPs a chance
260 _c2001
490 _aProperty Week
_v66(29) 20 July 2001, 47-48(2)
520 _aInstitutional investors are beginning to show an interest in the Labour government's public private partnerships as they are an investment with long-term, public sector-backed income streams and reasonable returns; higher returns can be found on schemes involving linked land which can be commercially developed. Norwich Union Public Private Partnership (NUPPP), a union between Morley Fund Management and Mill Group, specialises in smaller PPP projects with funding provided through the institutional property investment market; its success is now beginning to draw in bigger institutions into the PPP market.
590 _aABS
650 _aPUBLIC PRIVATE PARTNERSHIPS
650 _aINSTITUTIONAL INVESTMENT
650 _aGOVERNMENT POLICY
650 _aPROPERTY FUNDS
650 _aPROPERTY INVESTMENT
690 _aMANAGEMENT-BUSINESS MANAGEMENT-FINANCIAL MANAGEMENT
942 _n0
999 _c68002
_d68002